Logistics & supply chain management

Збережено в:
Бібліографічні деталі
Автор: Christopher, Martin
Формат: Книга
Опубліковано: Pearson
Теги: Додати тег
Немає тегів, Будьте першим, хто поставить тег для цього запису!

MARC

LEADER 00000nam a2200000Ia 4500
005 20260515061617.0
100 |a Christopher, Martin 
020 |a 9781292416182 
942 |c BK 
245 |a Logistics & supply chain management  
260 |b Pearson 
999 |c 62  |d 62 
952 |0 0  |1 0  |4 0  |7 0  |a ABDN  |b ABDN  |d 2026-05-15  |l 0  |p 000084  |r 2026-05-15 06:16:17  |w 2026-05-15  |y BK